Séries de jeu vidéo Nintendo les plus vendues - Statistiques

Statistiques générales
  • Ce quiz a été pris 135 fois
  • Le résultat moyen est 5 sur 10
Statistiques - réponses
Nombre de ventes Réponse % Correct
900 millions Mario
98%
165 millions The Legend of Zelda
86%
480 millions Pokemon
72%
93 millions Donkey Kong
47%
75 millions Super Smash Bros.
46%
81 millions Animal Crossing
45%
44 millions Kirby
45%
217 millions Wii
38%
31 millions Splatoon
34%
36 millions Brain Age
1%
Aucun quiz correspondant
Distribution des résultats
% des personnes avec chaque résultat
Percentile par nombre de réponses
Votre historique - résultats
Vous n’avez pas pris ce quiz